| 000 | 00382nam a2200157Ia 4500 | ||
|---|---|---|---|
| 008 | 221030s9999 xx 000 0 und d | ||
| 020 | _a8126524518 | ||
| 041 | _aEnglish | ||
| 100 | _aP. H. Wright | ||
| 245 | 0 |
_aHighway Engineering _cby P. H. Wright, K. Dixon |
|
| 260 |
_bWilley Pub. _aNew Delhi _c2015 |
||
| 300 | _a677 | ||
| 650 | _aCivil | ||
| 700 | _aK. Dixon | ||
| 942 | _cBK | ||
| 999 |
_c18356 _d18356 |
||